<?xml version="1.0" encoding="UTF-8"?>
<record
    xmlns:xsi="http://www.w3.org/2001/XMLSchema-instance"
    xsi:schemaLocation="http://www.loc.gov/MARC21/slim http://www.loc.gov/standards/marcxml/schema/MARC21slim.xsd"
    xmlns="http://www.loc.gov/MARC21/slim">

  <leader>02826nam a22002417a 4500</leader>
  <controlfield tag="005">20260526101032.0</controlfield>
  <controlfield tag="008">260525b        |||||||| |||| 00| 0 eng d</controlfield>
  <datafield tag="040" ind1=" " ind2=" ">
    <subfield code="c">AL</subfield>
  </datafield>
  <datafield tag="041" ind1=" " ind2=" ">
    <subfield code="a">kan</subfield>
  </datafield>
  <datafield tag="082" ind1=" " ind2=" ">
    <subfield code="a">K894.8141</subfield>
    <subfield code="b">PAMP</subfield>
  </datafield>
  <datafield tag="100" ind1=" " ind2=" ">
    <subfield code="a">Pampa</subfield>
    <subfield code="9">264563</subfield>
  </datafield>
  <datafield tag="100" ind1=" " ind2=" ">
    <subfield code="d">&#xCAA;&#xC82;&#xCAA; </subfield>
    <subfield code="9">264490</subfield>
  </datafield>
  <datafield tag="245" ind1=" " ind2=" ">
    <subfield code="a">Pampamahakavi virachita pampabharatam vikramarjuna vijayam</subfield>
    <subfield code="b">: &#xCAA;&#xC82;&#xCAA;&#xCAE;&#xCB9;&#xCBE;&#xC95;&#xCB5;&#xCBF; &#xCB5;&#xCBF;&#xCB0;&#xC9A;&#xCBF;&#xCA4; &#xCAA;&#xC82;&#xCAA;&#xCAD;&#xCBE;&#xCB0;&#xCA4;&#xC82; &#xCB5;&#xCBF;&#xC95;&#xCCD;&#xCB0;&#xCAE;&#xCBE;&#xCB0;&#xCCD;&#xC9C;&#xCC1;&#xCA8; &#xCB5;&#xCBF;&#xC9C;&#xCAF;&#xC82; </subfield>
  </datafield>
  <datafield tag="260" ind1=" " ind2=" ">
    <subfield code="a">Bengaluru</subfield>
    <subfield code="b">Kannada Sahitya Parishattu</subfield>
    <subfield code="c">2019</subfield>
  </datafield>
  <datafield tag="300" ind1=" " ind2=" ">
    <subfield code="a">785p</subfield>
    <subfield code="b">PB</subfield>
    <subfield code="c">21.5x13.5</subfield>
  </datafield>
  <datafield tag="365" ind1=" " ind2=" ">
    <subfield code="2">Kannada</subfield>
    <subfield code="a">AM-000007</subfield>
    <subfield code="b">&#x20B9;240.00</subfield>
    <subfield code="c">&#x20B9;</subfield>
    <subfield code="d">&#x20B9;300.00</subfield>
    <subfield code="e">20%</subfield>
    <subfield code="f">11-05-2026</subfield>
  </datafield>
  <datafield tag="520" ind1=" " ind2=" ">
    <subfield code="a">&#xCAA;&#xCCD;&#xCB0;&#xCB8;&#xCBF;&#xCA6;&#xCCD;&#xCA7; &#xCB5;&#xCBF;&#xCA6;&#xCCD;&#xCB5;&#xCBE;&#xC82;&#xCB8;&#xCB0;&#xCBE;&#xCA6; &#xCB6;&#xCCD;&#xCB0;&#xCC0; &#xC8E;&#xCA8;&#xCCD;. &#xC85;&#xCA8;&#xC82;&#xCA4;&#xCB0;&#xC82;&#xC97;&#xCBE;&#xC9A;&#xCBE;&#xCB0;&#xCCD; &#xC85;&#xCB5;&#xCB0;&#xCC1; &#xCB8;&#xC82;&#xCAA;&#xCBE;&#xCA6;&#xCBF;&#xCB8;&#xCBF;&#xCB0;&#xCC1;&#xCB5; &#xCAE;&#xCA4;&#xCCD;&#xCA4;&#xCC1; &#xCB8;&#xCB0;&#xCB3;&#xCC0;&#xC95;&#xCB0;&#xCBF;&#xCB8;&#xCBF;&#xCB0;&#xCC1;&#xCB5; '&#xCAA;&#xC82;&#xCAA; &#xCAD;&#xCBE;&#xCB0;&#xCA4;&#xC82;' (&#xCB5;&#xCBF;&#xC95;&#xCCD;&#xCB0;&#xCAE;&#xCBE;&#xCB0;&#xCCD;&#xC9C;&#xCC1;&#xCA8; &#xCB5;&#xCBF;&#xC9C;&#xCAF;&#xC82;) &#xC86;&#xCB5;&#xCC3;&#xCA4;&#xCCD;&#xCA4;&#xCBF;&#xCAF;&#xCC1; &#xCB9;&#xCB3;&#xC97;&#xCA8;&#xCCD;&#xCA8;&#xCA1; &#xC95;&#xCBE;&#xCB5;&#xCCD;&#xCAF;&#xCB5;&#xCA8;&#xCCD;&#xCA8;&#xCC1; &#xC95;&#xCA8;&#xCCD;&#xCA8;&#xCA1;&#xCBF;&#xC97;&#xCB0;&#xCBF;&#xC97;&#xCC6; &#xCB8;&#xCC1;&#xCB2;&#xCAD;&#xCB5;&#xCBE;&#xC97;&#xCBF; &#xCA4;&#xCB2;&#xCC1;&#xCAA;&#xCBF;&#xCB8;&#xCC1;&#xCB5; &#xC85;&#xCA4;&#xCCD;&#xCAF;&#xCC1;&#xCA4;&#xCCD;&#xCA4;&#xCAE; &#xC97;&#xCCD;&#xCB0;&#xC82;&#xCA5;&#xCB5;&#xCBE;&#xC97;&#xCBF;&#xCA6;&#xCC6;. &#xC85;&#xCA8;&#xC82;&#xCA4;&#xCB0;&#xC82;&#xC97;&#xCBE;&#xC9A;&#xCBE;&#xCB0;&#xCCD; &#xC85;&#xCB5;&#xCB0; &#xCA6;&#xCC3;&#xCB7;&#xCCD;&#xC9F;&#xCBF;&#xC95;&#xCCB;&#xCA8; &#xCB9;&#xCBE;&#xC97;&#xCC2; &#xC95;&#xCC3;&#xCA4;&#xCBF;&#xCAF; &#xCB5;&#xCBF;&#xCB6;&#xCCD;&#xCB2;&#xCC7;&#xCB7;&#xCA3;&#xCC6;&#xCAF; &#xC86;&#xCA7;&#xCBE;&#xCB0;&#xCA6; &#xCAE;&#xCC7;&#xCB2;&#xCBF;&#xCA8; &#xCB8;&#xCAE;&#xC97;&#xCCD;&#xCB0; &#xC95;&#xCA5;&#xCBE;&#xCB8;&#xCBE;&#xCB0;&#xCBE;&#xC82;&#xCB6; &#xC87;&#xCB2;&#xCCD;&#xCB2;&#xCBF;&#xCA6;&#xCC6;:&#xCB9;&#xCBF;&#xCA8;&#xCCD;&#xCA8;&#xCC6;&#xCB2;&#xCC6; &#xCAE;&#xCA4;&#xCCD;&#xCA4;&#xCC1; &#xC95;&#xCBE;&#xCB5;&#xCCD;&#xCAF;&#xCA6; &#xC89;&#xCA6;&#xCCD;&#xCA7;&#xCC7;&#xCB6; (&#xC85;&#xCA8;&#xC82;&#xCA4;&#xCB0;&#xC82;&#xC97;&#xCBE;&#xC9A;&#xCBE;&#xCB0;&#xCCD; &#xC86;&#xCB5;&#xCC3;&#xCA4;&#xCCD;&#xCA4;&#xCBF;&#xCAF; &#xCB5;&#xCBF;&#xCB6;&#xCCD;&#xCB2;&#xCC7;&#xCB7;&#xCA3;&#xCC6;)&#xCAE;&#xCB9;&#xCBE;&#xC95;&#xCB5;&#xCBF; &#xCAA;&#xC82;&#xCAA;&#xCA8;&#xCC1; &#xCB5;&#xCCD;&#xCAF;&#xCBE;&#xCB8;&#xCB0; &#xCB8;&#xC82;&#xCB8;&#xCCD;&#xC95;&#xCC3;&#xCA4; &#xCAE;&#xCB9;&#xCBE;&#xCAD;&#xCBE;&#xCB0;&#xCA4;&#xCB5;&#xCA8;&#xCCD;&#xCA8;&#xCC1; &#xC95;&#xCC7;&#xCB5;&#xCB2; &#xC85;&#xCA8;&#xCC1;&#xCB5;&#xCBE;&#xCA6; &#xCAE;&#xCBE;&#xCA1;&#xCA6;&#xCC7;, &#xC85;&#xCA6;&#xCA8;&#xCCD;&#xCA8;&#xCC1; '&#xCB2;&#xCCC;&#xC95;&#xCBF;&#xC95;' &#xC95;&#xCBE;&#xCB5;&#xCCD;&#xCAF;&#xCB5;&#xCA8;&#xCCD;&#xCA8;&#xCBE;&#xC97;&#xCBF; &#xCB0;&#xCC2;&#xCAA;&#xCBE;&#xC82;&#xCA4;&#xCB0;&#xCBF;&#xCB8;&#xCBF;&#xCA6;&#xCCD;&#xCA6;&#xCBE;&#xCA8;&#xCC6;. &#xC85;&#xCA8;&#xC82;&#xCA4;&#xCB0;&#xC82;&#xC97;&#xCBE;&#xC9A;&#xCBE;&#xCB0;&#xCCD; &#xC85;&#xCB5;&#xCB0;&#xCC1; &#xCA4;&#xCAE;&#xCCD;&#xCAE; &#xCB8;&#xC82;&#xCAA;&#xCBE;&#xCA6;&#xCA8;&#xCC6;&#xCAF;&#xCB2;&#xCCD;&#xCB2;&#xCBF; &#xCAE;&#xCC1;&#xC96;&#xCCD;&#xCAF;&#xCB5;&#xCBE;&#xC97;&#xCBF; &#xC8E;&#xCB0;&#xCA1;&#xCC1; &#xCA6;&#xCC3;&#xCB7;&#xCCD;&#xC9F;&#xCBF;&#xC95;&#xCCB;&#xCA8;&#xC97;&#xCB3;&#xCA8;&#xCCD;&#xCA8;&#xCC1; &#xC8E;&#xCA4;&#xCCD;&#xCA4;&#xCBF; &#xCA4;&#xCCB;&#xCB0;&#xCBF;&#xCB8;&#xCC1;&#xCA4;&#xCCD;&#xCA4;&#xCBE;&#xCB0;&#xCC6;:&#xC85;&#xCB0;&#xCBF;&#xC95;&#xCC7;&#xCB8;&#xCB0;&#xCBF; &#xCAE;&#xCA4;&#xCCD;&#xCA4;&#xCC1; &#xC85;&#xCB0;&#xCCD;&#xC9C;&#xCC1;&#xCA8;&#xCA8; &#xC85;&#xCAD;&#xCC7;&#xCA6;: &#xCAA;&#xC82;&#xCAA;&#xCA8;&#xCC1; &#xCA4;&#xCA8;&#xCCD;&#xCA8; &#xC86;&#xCB6;&#xCCD;&#xCB0;&#xCAF;&#xCA6;&#xCBE;&#xCA4; &#xCB0;&#xCBE;&#xC9C;&#xCA8;&#xCBE;&#xCA6; &#xC9A;&#xCBE;&#xCB2;&#xCC1;&#xC95;&#xCCD;&#xCAF; &#xCB5;&#xC82;&#xCB6;&#xCA6; &#xC87;&#xCAE;&#xCCD;&#xCAE;&#xCA1;&#xCBF; &#xC85;&#xCB0;&#xCBF;&#xC95;&#xCC7;&#xCB8;&#xCB0;&#xCBF;&#xCAF;&#xCA8;&#xCCD;&#xCA8;&#xCC1; &#xC85;&#xCB0;&#xCCD;&#xC9C;&#xCC1;&#xCA8;&#xCA8;&#xCBF;&#xC97;&#xCC6; &#xCB9;&#xCCB;&#xCB2;&#xCBF;&#xCB8;&#xCBF;, &#xC85;&#xCB0;&#xCCD;&#xC9C;&#xCC1;&#xCA8;&#xCA8; &#xCAF;&#xCB6;&#xCB8;&#xCCD;&#xCB8;&#xCBF;&#xCA8;&#xCB2;&#xCCD;&#xCB2;&#xCBF; &#xC85;&#xCB0;&#xCBF;&#xC95;&#xCC7;&#xCB8;&#xCB0;&#xCBF;&#xCAF; &#xCB6;&#xCCC;&#xCB0;&#xCCD;&#xCAF;&#xCB5;&#xCA8;&#xCCD;&#xCA8;&#xCC1; &#xCAA;&#xCCD;&#xCB0;&#xCA4;&#xCBF;&#xCAC;&#xCBF;&#xC82;&#xCAC;&#xCBF;&#xCB8;&#xCBF;&#xCA6;&#xCCD;&#xCA6;&#xCBE;&#xCA8;&#xCC6;.</subfield>
  </datafield>
  <datafield tag="650" ind1=" " ind2=" ">
    <subfield code="a">Kannada Miscellaneous </subfield>
    <subfield code="9">264491</subfield>
  </datafield>
  <datafield tag="650" ind1=" " ind2=" ">
    <subfield code="a">Kannada Literature</subfield>
    <subfield code="9">264492</subfield>
  </datafield>
  <datafield tag="700" ind1=" " ind2=" ">
    <subfield code="a">Anantarangachar N</subfield>
    <subfield code="9">264493</subfield>
  </datafield>
  <datafield tag="700" ind1=" " ind2=" ">
    <subfield code="a">&#xC85;&#xCA8;&#xC82;&#xCA4;&#xCB0;&#xC82;&#xC97;&#xCBE;&#xC9A;&#xCBE;&#xCB0;&#xCCD; &#xC8E;&#xCA8;&#xCCD; Tr</subfield>
    <subfield code="9">264494</subfield>
  </datafield>
  <datafield tag="942" ind1=" " ind2=" ">
    <subfield code="2">ddc</subfield>
    <subfield code="c">BK</subfield>
  </datafield>
  <datafield tag="999" ind1=" " ind2=" ">
    <subfield code="c">241495</subfield>
    <subfield code="d">241495</subfield>
  </datafield>
  <datafield tag="952" ind1=" " ind2=" ">
    <subfield code="0">0</subfield>
    <subfield code="1">0</subfield>
    <subfield code="2">ddc</subfield>
    <subfield code="4">0</subfield>
    <subfield code="7">0</subfield>
    <subfield code="8">KAN</subfield>
    <subfield code="a">AL</subfield>
    <subfield code="b">AL</subfield>
    <subfield code="c">SK</subfield>
    <subfield code="d">2026-05-19</subfield>
    <subfield code="g">240.00</subfield>
    <subfield code="l">0</subfield>
    <subfield code="o">K894.8141 PAMP</subfield>
    <subfield code="p">078220</subfield>
    <subfield code="r">2026-05-25 11:43:14</subfield>
    <subfield code="v">300.00</subfield>
    <subfield code="w">2026-05-11</subfield>
    <subfield code="y">BK</subfield>
  </datafield>
</record>
